| 000 | 00532cam a2200205 4500 | ||
|---|---|---|---|
| 008 | 090401t1987 xxu||||| |||| 00| 0 eng d | ||
| 020 | _a0851398413 | ||
| 035 | _a(Sirsi) u23562 | ||
| 041 | _aeng | ||
| 050 | _a692.2 | ||
| 100 | _aPitt, P.H. | ||
| 245 | _aGuide to building control by local acts 1987 | ||
| 260 |
_aLondon _bArchitectural Press _c1987 |
||
| 300 | _avi,200p. ; 30cm. | ||
| 350 | _a39.5 | ||
| 490 | _aLibrary of Building Control | ||
| 650 |
_aBUILDING REGULATIONS _96224 |
||
| 942 | _n0 | ||
| 948 | _c04/03/1997 | ||
| 999 |
_c88425 _d88425 |
||